Hari Singh Nalwa 'Champion of the khalsaji' : (Record no. 39300)

MARC details
000 -LEADER
fixed length control field 00823nam a22002297a 4500
005 - DATE AND TIME OF LATEST TRANSACTION
control field 20100804161256.0
010 ## - LCCN (DPL NO)
LC control number ENG-98193
020 ## - INTERNATIONAL STANDARD BOOK NUMBER
International Standard Book Number 8173047855
Terms of availability 1295.00
035 ## - SYSTEM CONTROL NUMBER
System control number EN-81726
037 ## - SOURCE OF ACQUISITION
Source of stock number/acquisition DBAD/PUB
082 ## - DEWEY DECIMAL CLASSIFICATION NUMBER
Classification number 355.0092
100 ## - MAIN ENTRY--PERSONAL NAME
Personal name Nalwa, Vanit
245 ## - TITLE STATEMENT
Title Hari Singh Nalwa 'Champion of the khalsaji' :
Remainder of title (1797-1837) /
Statement of responsibility, etc by Vanit Nalwa
260 ## - PUBLICATION, DISTRIBUTION, ETC. (IMPRINT)
Place of publication, distribution, etc New Delhi
Name of publisher, distributor, etc Manohar
Date of publication, distribution, etc 2009
270 ## - ADDRESS
Address 2/6 Ansari Road, Daryaganj
City New Delhi
Postal code 110002
300 ## - PHYSICAL DESCRIPTION
Extent xv, 367p.
Dimensions 2425cm (pbk)
650 ## - SUBJECT ADDED ENTRY--TOPICAL TERM
Topical term or geographic name as entry element British occupation in india
650 ## - SUBJECT ADDED ENTRY--TOPICAL TERM
Topical term or geographic name as entry element Generals
650 ## - SUBJECT ADDED ENTRY--TOPICAL TERM
Topical term or geographic name as entry element Sikhs
942 ## - ADDED ENTRY ELEMENTS (KOHA)
Source of classification or shelving scheme Dewey Decimal Classification
Item type English Books
Classification part 355.0092
Call number suffix NAL
Holdings
Withdrawn status Lost status Not for loan Collection code Home library Current library Date acquired Source of acquisition Cost, normal purchase price Full call number Barcode Copy number Cost, replacement price Koha item type
    Not For Loan Non-fiction D.B.Act.Division D.B.Act.Division 04/08/2010 DBAD/PUB 1295.00 355.0092 NAL EN-81726 1 1295.00 English Books

© Delhi Public Library
Hit Counter
free hit counter